[Event "6. Torneo del Santo A"]
[Site "Padova"]
[Date "2019.02.15"]
[Round "1.8"]
[White "Sforza, Michelangelo"]
[Black "Rigo, Gianfrancesco"]
[Result "1/2-1/2"]
[WhiteElo "1811"]
[BlackElo "1908"]
[Annotator "Gabriele Ballarin"]
[PlyCount "41"]
[EventDate "2019.02.15"]
[EventType "swiss"]
[EventRounds "5"]
[EventCountry "ITA"]

1. e4 e5 2. Nf3 Nc6 3. Bc4 Nf6 4. d3 Bc5 5. Nc3 d6 6. Be3 Bb6 7. Qd2 Na5 8. Bb3 Nxb3 9. axb3 Bg4 10. h3 Bxf3 11. gxf3 Bxe3 12. fxe3 Nh5 13. O-O-O c6 14. d4 Qe7 15. dxe5 dxe5 16. Rhg1 O-O 17. Qd7 Qc5 18. Qg4 Qxe3+ 19. Kb1 Qh6 20. Qg5 Qxg5 21. Rxg5 1/2-1/2

[Event "6. Torneo del Santo A"]
[Site "Padova"]
[Date "2019.02.16"]
[Round "2.1"]
[White "Baruscotti, Mauro"]
[Black "Pennica, Andrea"]
[Result "1-0"]
[WhiteElo "1869"]
[BlackElo "1957"]
[Annotator "Gabriele Ballarin"]
[PlyCount "135"]
[EventDate "2019.02.15"]
[EventType "swiss"]
[EventRounds "5"]
[EventCountry "ITA"]

1. d4 Nf6 2. e3 g6 3. Bd3 Bg7 4. f4 O-O 5. Nf3 d6 6. Nbd2 Nbd7 7. c3 Re8 8. f5 Nf8 9. fxg6 hxg6 10. O-O e5 11. Ng5 Ne6 12. Nxe6 Bxe6 13. e4 c6 14. Nf3 Qb6 15. Kh1 Bg4 16. h3 Bxf3 17. Qxf3 Qc7 18. Bg5 Nh7 19. Be3 Rad8 20. Bc4 Rd7 21. dxe5 Bxe5 22. Bxa7 b5 23. Bb6 Qb7 24. Bb3 c5 25. Bd5 Qxb6 26. Bxf7+ Kg7 27. Bxe8 Re7 28. Qg4 d5 29. exd5 Qd6 30. Bc6 Nf6 31. Qc8 Rc7 32. Qa8 Ne4 33. Rf3 Ng3+ 34. Rxg3 Bxg3 35. Rf1 Bf4 36. Bxb5 Qe5 37. Bc4 Qe4 38. b3 Bd6 39. Rf3 Qe1+ 40. Bf1 Qe5 41. Kg1 Qh2+ 42. Kf2 c4 43. b4 Be7 44. Qa6 Bh4+ 45. Ke2 Re7+ 46. Kd2 Qe5 47. Qxc4 Be1+ 48. Kc2 Rc7 49. Qb3 Qg5 50. Kb1 Qd2 51. Rd3 Qf2 52. Rf3 Qd2 53. c4 Kh7 54. Qb2 Qg5 55. Qf6 Qd2 56. Qb2 Qg5 57. Rf8 Rg7 58. d6 Bh4 59. d7 Qe3 60. d8=Q Bxd8 61. Rxd8 Qe1+ 62. Kc2 Qxf1 63. Kb3 Qf4 64. Rd4 Qg3+ 65. Qc3 Qxg2 66. Qd3 Qb7 67. Rh4+ Kg8 68. Qd5+ 1-0

[Event "6. Torneo del Santo A"]
[Site "Padova"]
[Date "2019.02.16"]
[Round "2.2"]
[White "Altieri, Danilo Mario"]
[Black "Manco, David Jonatan"]
[Result "1/2-1/2"]
[WhiteElo "1927"]
[BlackElo "1894"]
[Annotator "Gabriele Ballarin"]
[PlyCount "100"]
[EventDate "2019.02.15"]
[EventType "swiss"]
[EventRounds "5"]
[EventCountry "ITA"]

1. d4 Nf6 2. Nf3 g6 3. Bf4 Bg7 4. e3 O-O 5. Bd3 c5 6. c3 b6 7. Nbd2 Re8 8. Ne4 Nxe4 9. Bxe4 d5 10. Bd3 Ba6 11. Bxa6 Nxa6 12. O-O Rc8 13. Qa4 Nc7 14. Qxa7 Ne6 15. Bg3 g5 16. Qa4 h5 17. h3 f5 18. Qc2 Rf8 19. Qe2 g4 20. hxg4 hxg4 21. Ne5 Ng5 22. f3 gxf3 23. gxf3 e6 24. Qg2 Bxe5 25. Bxe5 Kf7 26. Kf2 Rg8 27. Qh2 Qd7 28. Qh5+ Ke7 29. Rg1 Qb5 30. b3 Nf7 31. Qh4+ Kd7 32. Rxg8 Rxg8 33. Qh7 Rf8 34. Qg7 Ke8 35. Qg6 Qc6 36. Rh1 cxd4 37. Bxd4 Qd6 38. Rh7 Kd8 39. Rxf7 Rxf7 40. Qxf7 Qh2+ 41. Kf1 Qh1+ 42. Ke2 Qg2+ 43. Kd3 Qf1+ 44. Kc2 Qe2+ 45. Kc1 Qe1+ 46. Kb2 Qe2+ 47. Kc1 Qe1+ 48. Kc2 Qe2+ 49. Kb1 Qe1+ 50. Kb2 Qe2+ 1/2-1/2

[Event "6. Torneo del Santo A"]
[Site "Padova"]
[Date "2019.02.16"]
[Round "2.3"]
[White "Grimaldi, Angela Flavia"]
[Black "Andreoli, Mark"]
[Result "1-0"]
[WhiteElo "1906"]
[BlackElo "1843"]
[Annotator "Gabriele Ballarin"]
[PlyCount "115"]
[EventDate "2019.02.15"]
[EventType "swiss"]
[EventRounds "5"]
[EventCountry "ITA"]

1. e4 c5 2. Nf3 d6 3. Bb5+ Nd7 4. c3 a6 5. Ba4 b5 6. Bc2 Bb7 7. Qe2 Ngf6 8. O-O g6 9. d4 cxd4 10. cxd4 e5 11. dxe5 dxe5 12. Rd1 Qc7 13. Nc3 Bg7 14. Bg5 O-O 15. Rac1 h6 16. Bxf6 Nxf6 17. Bb3 Rac8 18. Rc2 Qe7 19. Rcd2 Rfd8 20. Rxd8+ Rxd8 21. Rxd8+ Qxd8 22. Nxe5 Qd4 23. Bxf7+ Kf8 24. Nf3 Qc5 25. Bxg6 b4 26. Nd1 Ng4 27. Qd2 Ke7 28. h3 Nf6 29. Qe2 Nd7 30. Bf5 Ne5 31. Nxe5 Bxe5 32. Qd2 Qd6 33. Qxd6+ Kxd6 34. Kf1 Bd4 35. Ke2 Ke5 36. Kd3 Bb6 37. Ne3 Bc7 38. Ng4+ Kf4 39. Nxh6 a5 40. Ng4 Kg5 41. Be6 Bb6 42. Ne3 Kf4 43. Bd5 Ba6+ 44. Bc4 Bb7 45. Nd5+ Bxd5 46. exd5 Bxf2 47. d6 Ke5 48. d7 Bb6 49. Bb5 Bd8 50. g3 Kd5 51. h4 Ke5 52. Kc4 Bb6 53. g4 Kf4 54. g5 Kf5 55. Kd5 Bd8 56. Bd3+ Kg4 57. g6 Bf6 58. g7 1-0

[Event "6. Torneo del Santo A"]
[Site "Padova"]
[Date "2019.02.16"]
[Round "2.4"]
[White "Pleininger, Rudolf"]
[Black "Sforza, Michelangelo"]
[Result "1/2-1/2"]
[WhiteElo "1947"]
[BlackElo "1811"]
[Annotator "Gabriele Ballarin"]
[PlyCount "80"]
[EventDate "2019.02.15"]
[EventType "swiss"]
[EventRounds "5"]
[EventCountry "ITA"]

1. e4 e5 2. Nf3 Nc6 3. d4 exd4 4. Bc4 Nf6 5. e5 d5 6. Bb5 Ne4 7. Nxd4 Bd7 8. Bxc6 bxc6 9. O-O Bc5 10. Be3 O-O 11. Nd2 Nxd2 12. Qxd2 Re8 13. Nb3 Bf8 14. f4 Bf5 15. Qc3 Qd7 16. Nd4 Be4 17. Nxc6 Re6 18. Nd4 Rg6 19. Nf3 Qh3 20. g3 Rxg3+ 21. hxg3 Qxg3+ 22. Kh1 Bxf3+ 23. Rxf3 Qxf3+ 24. Kh2 c5 25. Qd3 d4 26. Bd2 Qf2+ 27. Kh3 Be7 28. Rf1 Qh4+ 29. Kg2 Qg4+ 30. Kh2 Rb8 31. b3 Rb6 32. Rf3 Rg6 33. Rg3 Qh4+ 34. Kg2 Rh6 35. Rh3 Qg4+ 36. Rg3 Qh5 37. Rh3 Bh4 38. Qf3 Rg6+ 39. Kf1 Qxf3+ 40. Rxf3 Ra6 1/2-1/2

[Event "6. Torneo del Santo A"]
[Site "Padova"]
[Date "2019.02.16"]
[Round "2.5"]
[White "Rigo, Gianfrancesco"]
[Black "Sonis, Luca"]
[Result "1/2-1/2"]
[WhiteElo "1908"]
[BlackElo "1881"]
[Annotator "Gabriele Ballarin"]
[PlyCount "107"]
[EventDate "2019.02.15"]
[EventType "swiss"]
[EventRounds "5"]
[EventCountry "ITA"]

1. e4 e5 2. Nf3 Nc6 3. d4 exd4 4. Bc4 d6 5. Nxd4 Nxd4 6. Qxd4 Nf6 7. Nc3 Be7 8. Bg5 Be6 9. O-O-O O-O 10. Bxe6 fxe6 11. f4 Ng4 12. Bxe7 Qxe7 13. Rdf1 Kh8 14. h3 Nh6 15. Qd3 Rf7 16. g4 Qh4 17. Rhg1 Raf8 18. g5 Rxf4 19. gxh6 Qxh6 20. Kb1 Qf6 21. Rxf4 Qxf4 22. a3 Qf2 23. Qg3 Qxg3 24. Rxg3 a6 25. Nd1 Rf1 26. Kc1 Kg8 27. Kd2 Kf7 28. Ne3 Rf2+ 29. Kd3 h5 30. Nd1 Rh2 31. Rf3+ Ke7 32. Ne3 g5 33. Nf1 Rg2 34. Rg3 Rf2 35. Ne3 Kf6 36. Nd1 Rh2 37. Rf3+ Ke7 38. Ne3 Rh1 39. Nf1 Rg1 40. Ke2 Rg2+ 41. Rf2 Rg1 42. Kf3 g4+ 43. hxg4 hxg4+ 44. Kf4 e5+ 45. Kf5 g3 46. Rf3 g2 47. Ne3 Rc1 48. Nxg2 Rxc2 49. Ne3 Rxb2 50. Nd5+ Kd7 51. Nf6+ Ke7 52. Nd5+ Kd7 53. Nf6+ Ke7 54. Nd5+ 1/2-1/2

[Event "6. Torneo del Santo A"]
[Site "Padova"]
[Date "2019.02.16"]
[Round "2.6"]
[White "Di Lascio, Savino"]
[Black "De Napoli, Giuseppe"]
[Result "0-1"]
[WhiteElo "1923"]
[BlackElo "2003"]
[Annotator "Gabriele Ballarin"]
[PlyCount "114"]
[EventDate "2019.02.15"]
[EventType "swiss"]
[EventRounds "5"]
[EventCountry "ITA"]

1. Nf3 g6 2. e4 Bg7 3. h4 d6 4. h5 e5 5. Bc4 Be6 6. Bxe6 fxe6 7. d3 Nc6 8. c3 Qd7 9. hxg6 hxg6 10. Rxh8 Bxh8 11. Nh4 Qf7 12. Qg4 Nce7 13. Na3 O-O-O 14. Be3 Nf6 15. Qe2 Kb8 16. O-O-O Nh5 17. g3 Rf8 18. Qc2 Nf6 19. Qa4 Nc8 20. Nb5 a6 21. Na3 Ng4 22. b4 Nxe3 23. fxe3 g5 24. Ng2 Qf2 25. Qc2 Qxg3 26. b5 axb5 27. Nxb5 g4 28. c4 c6 29. Nc3 Bg7 30. Rd2 Bh6 31. Nd1 Ne7 32. Qb3 Ng6 33. Rb2 Rf7 34. Qb6 Rc7 35. a4 Nf8 36. a5 Nd7 37. Qb4 Nc5 38. Qa3 Kc8 39. Kb1 Qf3 40. Rd2 Bg5 41. Kc2 Rf7 42. a6 bxa6 43. Rf2 Qxf2+ 44. Nxf2 Rxf2+ 45. Kd1 Rxg2 46. d4 exd4 47. exd4 Rd2+ 48. Ke1 Rxd4 49. Qg3 Nxe4 50. Qh2 Bf6 51. Qh5 g3 52. Qa5 Nc5 53. Qb6 Kd7 54. Kf1 Rd2 55. Qa7+ Ke8 56. Ke1 g2 57. Kxd2 g1=Q 0-1

[Event "6. Torneo del Santo A"]
[Site "Padova"]
[Date "2019.02.16"]
[Round "2.7"]
[White "Bertani, Gianfranco"]
[Black "Sinato, Fabrizio"]
[Result "1-0"]
[WhiteElo "1974"]
[BlackElo "1868"]
[Annotator "Gabriele Ballarin"]
[PlyCount "109"]
[EventDate "2019.02.15"]
[EventType "swiss"]
[EventRounds "5"]
[EventCountry "ITA"]

1. d4 Nf6 2. e3 d5 3. Bd3 e6 4. b3 Be7 5. Bb2 b6 6. Qe2 Bb7 7. Nd2 Nbd7 8. Ngf3 O-O 9. O-O a6 10. Rad1 Ne4 11. Ne1 Bb4 12. Nb1 Qe7 13. f3 Nef6 14. e4 dxe4 15. fxe4 e5 16. c3 Bd6 17. Nd2 Rfe8 18. d5 Nc5 19. Bc2 a5 20. Nc4 Ba6 21. Nf3 Ncd7 22. Nfd2 Nf8 23. Qf3 Bc5+ 24. Kh1 Ng6 25. Rfe1 Bc8 26. Ne3 Bxe3 27. Qxe3 Ng4 28. Qg1 Qh4 29. g3 Qe7 30. Nc4 Rd8 31. a4 h5 32. Ba3 Qd7 33. d6 Ba6 34. Bd3 Bxc4 35. Bxc4 cxd6 36. Rxd6 Qc7 37. Rxg6 Rd2 38. Rxg4 hxg4 39. Qe3 Rad8 40. Bd5 Ra2 41. Bc1 Qd6 42. Rf1 Rd7 43. Qg5 Qc5 44. b4 Qxc3 45. Bxa2 axb4 46. Qe3 Qc2 47. Bb3 Qc6 48. Bb2 Kf8 49. Rc1 Qb7 50. Bxe5 f6 51. Qf4 Qa6 52. Bd6+ Ke8 53. Bxb4 Qb7 54. Be6 Rd8 55. Qxg4 1-0

[Event "6. Torneo del Santo A"]
[Site "Padova"]
[Date "2019.02.16"]
[Round "2.8"]
[White "Litrico, Paolo"]
[Black "Simonini, Mattia"]
[Result "1/2-1/2"]
[WhiteElo "1883"]
[BlackElo "1944"]
[Annotator "Gabriele Ballarin"]
[PlyCount "86"]
[EventDate "2019.02.15"]
[EventType "swiss"]
[EventRounds "5"]
[EventCountry "ITA"]

1. d4 d5 2. Bf4 Nf6 3. e3 c5 4. c3 Nc6 5. Nd2 cxd4 6. exd4 Bf5 7. Qb3 Qc8 8. Ngf3 e6 9. Ne5 Be7 10. Ndf3 O-O 11. Nh4 Be4 12. Be2 Nxe5 13. dxe5 Nd7 14. Nf3 Qc7 15. O-O Rab8 16. Rfe1 b5 17. a3 Rfc8 18. Bg3 a6 19. Qd1 Nb6 20. Bd3 Bxd3 21. Qxd3 Nc4 22. Rab1 a5 23. Nd4 Bc5 24. Kh1 b4 25. axb4 axb4 26. f4 bxc3 27. bxc3 Rxb1 28. Rxb1 Bxd4 29. cxd4 Rb8 30. Rxb8+ Qxb8 31. h3 Qb2 32. f5 Qd2 33. Qb3 h6 34. fxe6 fxe6 35. Qb8+ Kh7 36. Qb1+ Kg8 37. Qb8+ Kf7 38. Qb7+ Kg6 39. Qb1+ Kh5 40. Qf1 Kg6 41. Qb1+ Kh5 42. Qf1 Kg6 43. Qb1+ Kh5 1/2-1/2

[Event "6. Torneo del Santo A"]
[Site "Padova"]
[Date "2019.02.16"]
[Round "3.1"]
[White "Baruscotti, Mauro"]
[Black "Grimaldi, Angela Flavia"]
[Result "1-0"]
[WhiteElo "1869"]
[BlackElo "1906"]
[Annotator "Gabriele Ballarin"]
[PlyCount "67"]
[EventDate "2019.02.15"]
[EventType "swiss"]
[EventRounds "5"]
[EventCountry "ITA"]

1. d4 Nf6 2. e3 d5 3. f4 c5 4. c3 g6 5. Bd3 Bg7 6. Nf3 Nc6 7. Nbd2 O-O 8. Ne5 Nd7 9. O-O Ndxe5 10. fxe5 f6 11. exf6 Bxf6 12. e4 cxd4 13. exd5 dxc3 14. Ne4 Bd4+ 15. Kh1 cxb2 16. Rb1 bxc1=Q 17. Rxc1 Ne5 18. Bc2 Rxf1+ 19. Qxf1 Nf7 20. Bb3 Nd6 21. Rd1 Bg7 22. Ng5 Bf5 23. Qf4 Bf6 24. Ne6 Bxe6 25. dxe6 Kg7 26. h4 Qa5 27. g4 Qe5 28. Qf3 Bxh4 29. Rf1 Bf6 30. Kg2 Rc8 31. Rf2 Rc3 32. Qf4 Qe4+ 33. Kg1 Bd4 34. Qf8# 1-0

[Event "6. Torneo del Santo A"]
[Site "Padova"]
[Date "2019.02.16"]
[Round "3.2"]
[White "De Napoli, Giuseppe"]
[Black "Altieri, Danilo Mario"]
[Result "1/2-1/2"]
[WhiteElo "2003"]
[BlackElo "1927"]
[Annotator "Gabriele Ballarin"]
[PlyCount "134"]
[EventDate "2019.02.15"]
[EventType "swiss"]
[EventRounds "5"]
[EventCountry "ITA"]

1. d4 Nf6 2. Bf4 c5 3. e3 d5 4. c3 Qb6 5. Qb3 Nc6 6. Nd2 c4 7. Qc2 g6 8. Ngf3 Bf5 9. Qc1 Bg7 10. h3 h6 11. Be2 g5 12. Bh2 Rc8 13. O-O Nd7 14. e4 dxe4 15. Nxc4 Qd8 16. Nfe5 Ncxe5 17. Nxe5 Nxe5 18. dxe5 O-O 19. Qe3 Qa5 20. f3 Bxe5 21. Bxe5 Qxe5 22. Bd3 Qg3 23. Bxe4 Bxh3 24. Qf2 Qxf2+ 25. Rxf2 Be6 26. Bxb7 Rc7 27. Be4 Rd8 28. Bc2 Rb8 29. Bd3 Kg7 30. c4 Rd8 31. Bf1 a5 32. Rc1 a4 33. b3 axb3 34. axb3 Rb8 35. Rc3 Kf6 36. Rb2 Rb4 37. Kf2 Ke5 38. Be2 Kd4 39. Rd3+ Kc5 40. Rdd2 Rcb7 41. Bd1 R7b6 42. Ra2 Rd6 43. Ke3 Rxd2 44. Rxd2 Rb7 45. Rd8 Ra7 46. Rb8 Ra2 47. Be2 Rb2 48. Rb5+ Kc6 49. g3 h5 50. f4 gxf4+ 51. gxf4 Bg4 52. Bf3+ Kd6 53. c5+ Kc7 54. Rb7+ Kc8 55. c6 f5 56. Bxg4 fxg4 57. Rxe7 Rxb3+ 58. Ke4 Rb1 59. Rh7 g3 60. Kf3 Rb3+ 61. Kg2 Rc3 62. Rh6 Kc7 63. f5 h4 64. Rxh4 Kxc6 65. Rf4 Kd7 66. Rf3 Rc4 67. Kxg3 Ke7 1/2-1/2

[Event "6. Torneo del Santo A"]
[Site "Padova"]
[Date "2019.02.16"]
[Round "3.3"]
[White "Manco, David Jonatan"]
[Black "Pleininger, Rudolf"]
[Result "1-0"]
[WhiteElo "1894"]
[BlackElo "1947"]
[Annotator "Gabriele Ballarin"]
[PlyCount "113"]
[EventDate "2019.02.15"]
[EventType "swiss"]
[EventRounds "5"]
[EventCountry "ITA"]

1. e4 e5 2. Nf3 Nc6 3. Bc4 Bc5 4. c3 Nf6 5. d3 d6 6. O-O h6 7. h3 O-O 8. a4 a5 9. Na3 Re8 10. Nc2 Be6 11. Bxe6 Rxe6 12. d4 exd4 13. cxd4 Nxd4 14. Ncxd4 Rxe4 15. Nb3 Bb4 16. Bd2 Qd7 17. Qc2 Rae8 18. Nxa5 Re2 19. Nb3 Nh5 20. Nbd4 R2e4 21. Bxb4 c5 22. Bxc5 dxc5 23. Qxc5 Nf4 24. Rfd1 Nxh3+ 25. Kf1 Nf4 26. Nf5 Qe6 27. Ng3 Qg4 28. Qf5 Qxf5 29. Nxf5 Rb4 30. Rd4 Re4 31. Rxe4 Rxe4 32. N5d4 Nd3 33. b4 g5 34. Nf5 Rf4 35. Ra3 Nxb4 36. Nxh6+ Kg7 37. Nxf7 Kxf7 38. Nxg5+ Kf6 39. g3 Rc4 40. f4 Na6 41. a5 Rc2 42. Rb3 Nc5 43. Rb5 Kf5 44. Nf7 Kg4 45. Nd6 Kxg3 46. Rxc5 Rxc5 47. Ne4+ Kxf4 48. Nxc5 Ke5 49. Nxb7 Kd5 50. a6 Kc6 51. Nc5 Kb6 52. Ke2 Ka7 53. Kd3 Ka8 54. Kc4 Ka7 55. Kb5 Ka8 56. Ka5 Ka7 57. Ne6 1-0

[Event "6. Torneo del Santo A"]
[Site "Padova"]
[Date "2019.02.16"]
[Round "3.4"]
[White "Sonis, Luca"]
[Black "Bertani, Gianfranco"]
[Result "1-0"]
[WhiteElo "1881"]
[BlackElo "1974"]
[Annotator "Gabriele Ballarin"]
[PlyCount "103"]
[EventDate "2019.02.15"]
[EventType "swiss"]
[EventRounds "5"]
[EventCountry "ITA"]

1. e4 c5 2. Nf3 d6 3. d4 cxd4 4. Nxd4 Nf6 5. Nc3 g6 6. Bc4 Nc6 7. O-O Bg7 8. Nxc6 bxc6 9. Kh1 O-O 10. f4 Bg4 11. Qe1 d5 12. Bd3 Bc8 13. e5 Nd7 14. Qg3 Nc5 15. Ne2 Nxd3 16. cxd3 e6 17. Be3 f6 18. Bc5 Rf7 19. Nd4 f5 20. Rac1 Bd7 21. Rf2 a6 22. Rfc2 Rc8 23. b4 Qe8 24. Qe3 h6 25. Qg3 Kh7 26. Qh3 Bf8 27. Qe3 Bg7 28. a4 Qd8 29. a5 Qh4 30. Qg3 Qh5 31. Qf3 Qh4 32. Bd6 g5 33. g3 Qh3 34. Nxc6 gxf4 35. Qxf4 h5 36. Nd4 Bh6 37. Qf1 Qxf1+ 38. Rxf1 Rxc2 39. Nxc2 Bb5 40. Rf3 Rg7 41. Nd4 Bd7 42. Nb3 d4 43. Nxd4 Bc8 44. Kg2 Rg4 45. Ne2 Bb7 46. h3 Rg6 47. Kf2 Bxf3 48. Kxf3 h4 49. gxh4 Kg8 50. b5 axb5 51. a6 Rg7 52. Bb8 1-0

[Event "6. Torneo del Santo A"]
[Site "Padova"]
[Date "2019.02.16"]
[Round "3.5"]
[White "Pennica, Andrea"]
[Black "Sforza, Michelangelo"]
[Result "1-0"]
[WhiteElo "1957"]
[BlackElo "1811"]
[Annotator "Gabriele Ballarin"]
[PlyCount "49"]
[EventDate "2019.02.15"]
[EventType "swiss"]
[EventRounds "5"]
[EventCountry "ITA"]

1. e4 c5 2. Nf3 Nc6 3. d4 cxd4 4. Nxd4 g6 5. Nc3 Bg7 6. Be3 Nf6 7. Bc4 O-O 8. Bb3 d5 9. Nxc6 bxc6 10. exd5 cxd5 11. Nxd5 Bb7 12. Nxf6+ Bxf6 13. O-O Bxb2 14. Rb1 Bg7 15. Bxf7+ Kxf7 16. Rxb7 Qxd1 17. Rxd1 Rfd8 18. Rxd8 Rxd8 19. Kf1 Rc8 20. Rxa7 Rxc2 21. a4 Ra2 22. a5 Ke6 23. a6 Bf6 24. Ra8 Ra4 25. a7 1-0

[Event "6. Torneo del Santo A"]
[Site "Padova"]
[Date "2019.02.16"]
[Round "3.6"]
[White "Andreoli, Mark"]
[Black "Rigo, Gianfrancesco"]
[Result "1-0"]
[WhiteElo "1843"]
[BlackElo "1908"]
[Annotator "Gabriele Ballarin"]
[PlyCount "93"]
[EventDate "2019.02.15"]
[EventType "swiss"]
[EventRounds "5"]
[EventCountry "ITA"]

1. e4 c5 2. d4 cxd4 3. c3 g6 4. Nf3 Bg7 5. Bc4 e6 6. O-O Ne7 7. Bg5 Nbc6 8. cxd4 Qb6 9. Nc3 Nxd4 10. Nxd4 Qxd4 11. Nb5 Qxd1 12. Raxd1 Be5 13. Nd6+ Kf8 14. f4 Bxb2 15. f5 gxf5 16. exf5 Nxf5 17. Nxf5 exf5 18. Rxf5 d5 19. Rfxd5 Kg7 20. R1d2 Ba1 21. Rd6 h6 22. Rf2 Be6 23. Bxe6 fxe6 24. Be3 Rad8 25. Rxd8 Rxd8 26. Bxa7 Ra8 27. Be3 Ra3 28. Re2 Rxe3 29. Rxe3 Bd4 30. Kf2 Kf6 31. Kf3 Bxe3 32. Kxe3 Ke5 33. a4 b6 34. g4 Kd5 35. h4 Ke5 36. Kf3 Kd4 37. g5 hxg5 38. hxg5 Ke5 39. Kg4 Kd6 40. Kf4 e5+ 41. Kf5 e4 42. Kxe4 Ke6 43. Kd4 Kf5 44. Kc4 Kxg5 45. Kb5 Kf6 46. Kxb6 Ke6 47. Kb7 1-0

[Event "6. Torneo del Santo A"]
[Site "Padova"]
[Date "2019.02.16"]
[Round "3.7"]
[White "Simonini, Mattia"]
[Black "Di Lascio, Savino"]
[Result "1-0"]
[WhiteElo "1944"]
[BlackElo "1923"]
[Annotator "Gabriele Ballarin"]
[PlyCount "61"]
[EventDate "2019.02.15"]
[EventType "swiss"]
[EventRounds "5"]
[EventCountry "ITA"]

1. d4 Nf6 2. c4 c5 3. d5 b5 4. Qc2 e6 5. e4 Bb7 6. b3 bxc4 7. bxc4 Na6 8. a3 h5 9. Nf3 Qb6 10. Bd3 Ng4 11. Bb2 Rb8 12. Bc3 Ba8 13. Nbd2 f6 14. Qa4 Qd6 15. h3 Ne5 16. Nxe5 fxe5 17. O-O Be7 18. f4 Bf6 19. Nf3 exd5 20. fxe5 Qc6 21. Qxc6 dxc6 22. cxd5 cxd5 23. exf6 c4 24. fxg7 Rg8 25. Bc2 dxe4 26. Ng5 Nc5 27. Nxe4 Bxe4 28. Bxe4 Rb3 29. Bd5 Rxc3 30. Bxg8 Rg3 31. Bf7+ 1-0

[Event "6. Torneo del Santo A"]
[Site "Padova"]
[Date "2019.02.16"]
[Round "3.8"]
[White "Sinato, Fabrizio"]
[Black "Litrico, Paolo"]
[Result "1/2-1/2"]
[WhiteElo "1868"]
[BlackElo "1883"]
[Annotator "Gabriele Ballarin"]
[PlyCount "105"]
[EventDate "2019.02.15"]
[EventType "swiss"]
[EventRounds "5"]
[EventCountry "ITA"]

1. e4 e5 2. Nf3 Nc6 3. Bb5 a6 4. Ba4 Nf6 5. O-O Nxe4 6. d4 b5 7. Bb3 d5 8. Nxe5 Nxe5 9. dxe5 Be6 10. c3 Bc5 11. Nd2 Bf5 12. Nxe4 Bxe4 13. Qg4 Qd7 14. Qg3 O-O 15. Bh6 Bg6 16. Be3 Bxe3 17. Qxe3 Rfe8 18. Rfe1 Re7 19. Rad1 c6 20. f4 Rae8 21. Qf2 Qa7 22. Rd4 Be4 23. Bc2 Bxc2 24. Qxc2 f6 25. Qf5 fxe5 26. Rxe5 Rxe5 27. fxe5 Qf7 28. Rf4 Qxf5 29. Rxf5 Re6 30. Kf2 g6 31. Rf3 Rxe5 32. g4 Kg7 33. h3 h6 34. Rf4 Re7 35. Rd4 Kf6 36. b3 g5 37. Rd3 Re4 38. b4 Ke7 39. a3 Kd6 40. Rf3 Ke5 41. Rf5+ Kd6 42. Rf6+ Re6 43. Rf3 c5 44. Rf8 cxb4 45. axb4 Ke5 46. Ke3 Kd6+ 47. Kd3 Ke7 48. Rf5 Kd6 49. Rf8 Kc6 50. Rc8+ Kd7 51. Rf8 Kc7 52. Kd4 Kd7 53. Rf3 1/2-1/2

[Event "6. Torneo del Santo A"]
[Site "Padova"]
[Date "2019.02.17"]
[Round "4.1"]
[White "Manco, David Jonatan"]
[Black "Baruscotti, Mauro"]
[Result "1/2-1/2"]
[WhiteElo "1894"]
[BlackElo "1869"]
[Annotator "Gabriele Ballarin"]
[PlyCount "75"]
[EventDate "2019.02.15"]
[EventType "swiss"]
[EventRounds "5"]
[EventCountry "ITA"]

1. e4 c6 2. d4 d5 3. e5 Bf5 4. Nf3 e6 5. Be2 Nd7 6. O-O h6 7. Nbd2 Qb6 8. c4 dxc4 9. Nxc4 Qc7 10. Bd2 b5 11. Na5 a6 12. Rc1 Be4 13. b4 Nb6 14. Ne1 Ne7 15. Bf3 Bd5 16. Nd3 Nc4 17. Nc5 Bxf3 18. gxf3 Nxa5 19. bxa5 Nd5 20. Qc2 Bxc5 21. Qxc5 Kd7 22. Rc2 Rhc8 23. Rfc1 b4 24. Bxb4 Nxb4 25. Qxb4 Rab8 26. Qa3 Rb5 27. Rc5 Qb7 28. Rxb5 Qxb5 29. Qd6+ Ke8 30. Kg2 Qd3 31. a4 Qg6+ 32. Kh1 Qd3 33. f4 Qf3+ 34. Kg1 Qg4+ 35. Kf1 Qf3 36. Qc5 Qh1+ 37. Ke2 Qe4+ 38. Kf1 1/2-1/2

[Event "6. Torneo del Santo A"]
[Site "Padova"]
[Date "2019.02.17"]
[Round "4.2"]
[White "Grimaldi, Angela Flavia"]
[Black "Pennica, Andrea"]
[Result "1/2-1/2"]
[WhiteElo "1906"]
[BlackElo "1957"]
[Annotator "Gabriele Ballarin"]
[PlyCount "77"]
[EventDate "2019.02.15"]
[EventType "swiss"]
[EventRounds "5"]
[EventCountry "ITA"]

1. e4 e6 2. d4 d5 3. Nc3 Nf6 4. e5 Nfd7 5. Nce2 c5 6. c3 Nc6 7. Nf3 Qb6 8. g3 Be7 9. Bg2 O-O 10. O-O f6 11. exf6 Nxf6 12. Nf4 cxd4 13. cxd4 Ne4 14. b3 Bd7 15. Be3 Rac8 16. Nd3 Nb4 17. Nfe5 Bb5 18. a4 Nc3 19. Qd2 Bxd3 20. Nxd3 Nxd3 21. Qxd3 Qxb3 22. Rfb1 Qc4 23. Qxc4 Rxc4 24. Rxb7 Bf6 25. Bf1 Rxa4 26. Rxa4 Nxa4 27. Rxa7 Nc3 28. Ra6 e5 29. dxe5 Bxe5 30. Re6 Bf6 31. Rd6 Re8 32. Kg2 Kf7 33. Bd3 g6 34. Rxf6+ Kxf6 35. Bd4+ Ke6 36. Bxc3 Ra8 37. Be2 Ra2 38. Bg4+ Kd6 39. Bg7 {=} 1/2-1/2

[Event "6. Torneo del Santo A"]
[Site "Padova"]
[Date "2019.02.17"]
[Round "4.3"]
[White "Altieri, Danilo Mario"]
[Black "Sonis, Luca"]
[Result "1-0"]
[WhiteElo "1927"]
[BlackElo "1881"]
[Annotator "Gabriele Ballarin"]
[PlyCount "99"]
[EventDate "2019.02.15"]
[EventType "swiss"]
[EventRounds "5"]
[EventCountry "ITA"]

1. c4 e5 2. g3 Nf6 3. Bg2 Nc6 4. Nc3 Be7 5. d3 d6 6. e3 Be6 7. Nge2 O-O 8. O-O d5 9. cxd5 Nxd5 10. Nxd5 Bxd5 11. e4 Be6 12. f4 Bg4 13. Bf3 Bh3 14. Bg2 Bg4 15. h3 Bxe2 16. Qxe2 Nd4 17. Qf2 Bc5 18. Be3 f5 19. Rac1 Bb6 20. Rc4 Ne6 21. Bxb6 axb6 22. exf5 Qxd3 23. Rc3 Qxf5 24. Bxb7 Rxa2 25. Bd5 Ra5 26. Bb3 Kh8 27. g4 Qf6 28. Rc6 Re8 29. f5 Ng5 30. Rxf6 Nxh3+ 31. Kg2 Nxf2 32. Re6 Rd8 33. Rxf2 Rb5 34. Ba4 Rb4 35. Bd1 h5 36. Bf3 hxg4 37. Bc6 Rf4 38. Rxe5 Rxf2+ 39. Kxf2 Rd2+ 40. Re2 g3+ 41. Ke3 Rd6 42. Be4 Kg8 43. Rg2 Kf7 44. Rxg3 Rh6 45. Kd4 Rh2 46. Rg2 Rh6 47. b4 Rd6+ 48. Ke5 Rd1 49. b5 Re1 50. Rc2 1-0

[Event "6. Torneo del Santo A"]
[Site "Padova"]
[Date "2019.02.17"]
[Round "4.4"]
[White "Andreoli, Mark"]
[Black "Simonini, Mattia"]
[Result "1/2-1/2"]
[WhiteElo "1843"]
[BlackElo "1944"]
[Annotator "Gabriele Ballarin"]
[PlyCount "43"]
[EventDate "2019.02.15"]
[EventType "swiss"]
[EventRounds "5"]
[EventCountry "ITA"]

1. e4 c6 2. d4 d5 3. f3 e6 4. Bd3 dxe4 5. fxe4 Qxd4 6. Nf3 Qb6 7. Nbd2 Qe3+ 8. Be2 Nf6 9. Nc4 Qxe4 10. O-O Bc5+ 11. Kh1 O-O 12. Bg5 Nbd7 13. Bd3 Qg4 14. Qd2 Nd5 15. h3 Qg3 16. Rae1 Qc7 17. Qe2 Re8 18. Qe4 Nf8 19. Qh4 Be7 20. Qh5 Nf6 21. Qh4 Nd5 22. Qh5 1/2-1/2

[Event "6. Torneo del Santo A"]
[Site "Padova"]
[Date "2019.02.17"]
[Round "4.5"]
[White "Bertani, Gianfranco"]
[Black "De Napoli, Giuseppe"]
[Result "0-1"]
[WhiteElo "1974"]
[BlackElo "2003"]
[Annotator "Gabriele Ballarin"]
[PlyCount "82"]
[EventDate "2019.02.15"]
[EventType "swiss"]
[EventRounds "5"]
[EventCountry "ITA"]

1. d4 Nf6 2. Nf3 g6 3. Bf4 Bg7 4. Nc3 d5 5. Qd2 c5 6. Bh6 O-O 7. Bxg7 Kxg7 8. e3 Nc6 9. Bb5 Qb6 10. O-O cxd4 11. exd4 Ne4 12. Nxe4 Qxb5 13. Nc3 Qa5 14. a3 Qd8 15. Ne2 Qd6 16. Rad1 Bg4 17. Qe3 Bxf3 18. Qxf3 e6 19. c3 Na5 20. Nf4 Nc4 21. Nd3 Rac8 22. h4 h5 23. g4 hxg4 24. Qxg4 Rh8 25. Qg3 Qxg3+ 26. fxg3 Ne3 27. Ne5 Nxd1 28. Rxd1 f6 29. Nd3 Rc7 30. Re1 Kf7 31. Kg2 Re8 32. g4 Rce7 33. g5 fxg5 34. hxg5 Kg7 35. Kg3 Rf8 36. Ne5 Rf5 37. Kg4 Rf2 38. b3 Rg2+ 39. Kh4 Re8 40. Ng4 Rh8+ 41. Nh6 Rf8 0-1